<?xml version="1.0" encoding="UTF-8"?>
<collection xmlns="http://www.loc.gov/MARC21/slim">
 <record>
  <leader>00543pamaa2200169   4500</leader>
  <controlfield tag="001">0000015418</controlfield>
  <controlfield tag="005">20060810090000.0</controlfield>
  <datafield tag="020" ind1="0" ind2="0">
   <subfield code="a">013580499X (pbk) </subfield>
  </datafield>
  <datafield tag="082" ind1=" " ind2=" ">
   <subfield code="a">004.165 LIU</subfield>
  </datafield>
  <datafield tag="090" ind1="0" ind2="0">
   <subfield code="a">QA76.8.I292 </subfield>
   <subfield code="b">LIU 1986</subfield>
  </datafield>
  <datafield tag="100" ind1="1" ind2="0">
   <subfield code="a">LIU </subfield>
  </datafield>
  <datafield tag="245" ind1="1" ind2="0">
   <subfield code="a">Microcomputer systems : </subfield>
   <subfield code="b">the 8086/8088 family : </subfield>
   <subfield code="b">the 8086/8088 family : </subfield>
   <subfield code="b">architecture, programming and design  </subfield>
   <subfield code="c">Liu Yu-Cheng, Glenn A. Gibson.</subfield>
  </datafield>
  <datafield tag="250" ind1="0" ind2="0">
   <subfield code="a">2nd ed.</subfield>
  </datafield>
  <datafield tag="260" ind1="0" ind2="0">
   <subfield code="a">New Jersey: </subfield>
   <subfield code="b">Prentice Hall, </subfield>
   <subfield code="c">1986.</subfield>
  </datafield>
  <datafield tag="300" ind1=" " ind2=" ">
   <subfield code="a">ix, 623p.; </subfield>
   <subfield code="c">24cm.</subfield>
  </datafield>
  <datafield tag="650" ind1="0" ind2="0">
   <subfield code="a">Microprocessor </subfield>
  </datafield>
  <datafield tag="700" ind1="1" ind2="1">
   <subfield code="a">GIBSON, </subfield>
   <subfield code="h">Glenn A. </subfield>
  </datafield>
 </record>
</collection>
